[Event "Golubitskaya Rating"]
[Site "Golubitskaya"]
[Date "2008.07.07"]
[Round "?"]
[White "Prikhodko, Sergey"]
[Black "Rimarenko, Alexey"]
[Result "1-0"]
[WhiteElo "2074"]
[BlackElo "2191"]
[PlyCount "71"]
[EventDate "2008.07.05"]
[EventType "tourn"]
[EventRounds "11"]
[EventCountry "RUS"]
[SourceTitle "EXT 2022"]
[Source "ChessBase"]
[SourceDate "2021.10.06"]
[SourceVersion "1"]
[SourceVersionDate "2021.10.06"]
[SourceQuality "1"]

1. e4 c6 2. d4 d5 3. e5 Bf5 4. Nc3 e6 5. g4 Bg6 6. Nge2 Nd7 7. h4 h6 8. h5 Bh7 9. f4 c5 10. Nb5 a6 11. Nd6+ Bxd6 12. exd6 c4 13. Ng3 Nb6 14. Qe2 Qxd6 15. Bg2 0-0-0 16. c3 Ne7 17. b3 Nc6 18. bxc4 Nxc4 19. 0-0 g6 20. Bd2 gxh5 21. Nxh5 Rhg8 22. Nf6 Rg7 23. Nxh7 Rxh7 24. f5 exf5 25. Rxf5 Ne7 26. Bf4 Qe6 27. Qxe6+ fxe6 28. Rf6 Ng8 29. Rxe6 Rf7 30. Bg3 Nf6 31. Rf1 Rdf8 32. Bh4 Nxg4 33. Rxf7 Rxf7 34. Bxd5 Nd2 35. Re2 Rf1+ 36. Kg2 1-0

[Event "Golubitskaya Rating"]
[Site "Golubitskaya"]
[Date "2008.07.06"]
[Round "?"]
[White "Sverkunov, Oleg"]
[Black "Prikhodko, Sergey"]
[Result "1-0"]
[WhiteElo "1962"]
[BlackElo "2074"]
[PlyCount "130"]
[EventDate "2008.07.05"]
[EventType "tourn"]
[EventRounds "11"]
[EventCountry "RUS"]
[SourceTitle "EXT 2022"]
[Source "ChessBase"]
[SourceDate "2021.10.06"]
[SourceVersion "1"]
[SourceVersionDate "2021.10.06"]
[SourceQuality "1"]

1. Nf3 e6 2. c4 b6 3. g3 Bb7 4. Bg2 f5 5. d3 Nf6 6. 0-0 g6 7. b3 Bg7 8. Bb2 0-0 9. Nbd2 Qe7 10. Re1 d6 11. e4 fxe4 12. Nxe4 Nxe4 13. Bxg7 Kxg7 14. dxe4 e5 15. Qd2 Nd7 16. Re2 Rf6 17. Rf1 Raf8 18. Nh4 R6f7 19. Qe3 a5 20. Nf3 Nc5 21. Ng5 Rf6 22. f4 Ne6 23. Nxe6+ Qxe6 24. Ref2 Qf7 25. Bh3 exf4 26. Rxf4 Rxf4 27. Rxf4 Qe7 28. Bg2 Qe5 29. Rxf8 Kxf8 30. Qf4+ Ke8 31. h4 Ke7 32. Kh2 Qxf4 33. gxf4 Bc8 34. Kg3 Be6 35. Bf1 Kf6 36. Be2 h6 37. Bg4 Bf7 38. Bc8 a4 39. Bd7 axb3 40. axb3 Ke7 41. Bc6 Be6 42. Bd5 Bd7 43. Bb7 Kf6 44. Ba8 c5 45. Bd5 h5 46. Kf2 Bg4 47. Bc6 Bd1 48. Ba4 Bc2 49. Ke3 Ke6 50. Kf3 Kf6 51. Ke3 Ke7 52. Kf3 Ke6 53. Ke3 g5 54. hxg5 h4 55. f5+ Ke5 56. f6 Ke6 57. Bc6 Kf7 58. Kf4 Bxb3 59. Bd5+ Kg6 60. e5 dxe5+ 61. Kxe5 h3 62. Be4+ Kf7 63. g6+ Ke8 64. Bd5 h2 65. g7 Bxc4 1-0